000 01112nam a22002057a 4500
999 _c2095
_d2095
001 4162
003 BD-DhUAP
005 20210128094135.0
008 200219s2001 bg ||||| |||| 00| 0 ben d
020 _a98480900503
040 _aBD-DhUAP
_bBen
_cBD-DhUAP
_dBD-DhUAP
082 _223
_a378.1095492 BAN
245 _aবাংলাদেশ বিশ্ববিদ্যালয় মঞ্জুরি কমিশন :
_bপ্রতিষ্ঠা বার্ষিকী সেমিনার ২০০১ /
_cখ ম আব্দুল আউয়াল কর্তৃক সংকলিত ও সম্পাদিত।
260 _aঢাকা :
_bবাংলাদেশ বিশ্ববিদ্যালয় মঞ্জুরি কমিশন,
_c২০০১।
300 _a২০৮ পৃষ্ঠা ;
_c২৫ সেমি.।
650 _aHigher Education
_zBangladesh.
700 _aআউয়াল, খ ম আব্দুল।
710 _aবাংলাদেশ বিশ্ববিদ্যালয় মঞ্জুরি কমিশন।
942 _2ddc
_cBK